Zjavná a skrytá tvorivosť
Salvato in:
| Autore principale: | |
|---|---|
| Ente Autore: | |
| Natura: | Libro |
| Lingua: | slovacco |
| Pubblicazione: |
Bratislava
Slovak Academic Press
2006
|
| Soggetti: | |
| Tags: |
Nessun Tag, puoi essere il primo ad aggiungerne!!
|
MARC
| LEADER | 00000nam a2200000 4500 | ||
|---|---|---|---|
| 001 | 0180554 | ||
| 005 | 20230228071417.0 | ||
| 020 | |a 80-88910-21-8 | ||
| 041 | 0 | |a slo | |
| 044 | |a SK | ||
| 245 | 1 | 0 | |a Zjavná a skrytá tvorivosť |c Daniela Kusá a kol. |
| 264 | 1 | |a Bratislava |b Slovak Academic Press |c 2006 | |
| 300 | |a 152 s. | ||
| 610 | 2 | 0 | |a zručnosti |
| 610 | 2 | 0 | |a tvorivosť vedecká |
| 610 | 2 | 0 | |a vynálezy |
| 610 | 2 | 0 | |a kreativita |
| 610 | 2 | 0 | |a inovácia |
| 610 | 2 | 0 | |a hodnota |
| 610 | 2 | 0 | |a talenty |
| 610 | 2 | 0 | |a osobnosť |
| 100 | 1 | |a Kusá, Daniela | |
| 710 | 2 | |a Slovenská akadémia vied. Ústav experimentálnej psychológie | |